Nghệ thuật thương thuyết

Sách giúp bạn phát huy hiệu quả tối ưu trong mọi thoả thuận, dù đó là thương vụ chỉ xảy ra một lần hay một mối quan hệ cần phải duy trì lâu dài và gợi ý nhiều kỹ năng thiết thực giúp bạn trở thành người mua hàng hay bán hàng đầy chuyên...

Celý popis

Uloženo v:
Podrobná bibliografie
Hlavní autor: Oliver, David
Médium: Kniha
Jazyk:Undetermined
Vydáno: Thành phố Hồ Chí Minh Tổng hợp Thành phố Hồ Chí Minh 2008
Témata:
Tagy: Přidat tag
Žádné tagy, Buďte první, kdo otaguje tento záznam!
Thư viện lưu trữ: Trung tâm Học liệu Trường Đại học Cần Thơ
LEADER 01026nam a2200193Ia 4500
001 CTU_133499
008 210402s9999 xx 000 0 und d
020 |c 20000 
082 |a 658.4 
082 |b O.48 
100 |a Oliver, David 
245 0 |a Nghệ thuật thương thuyết 
245 0 |c David Oliver; Việt Hà, Lan Nguyên biên dịch 
260 |a Thành phố Hồ Chí Minh 
260 |b Tổng hợp Thành phố Hồ Chí Minh 
260 |c 2008 
520 |a Sách giúp bạn phát huy hiệu quả tối ưu trong mọi thoả thuận, dù đó là thương vụ chỉ xảy ra một lần hay một mối quan hệ cần phải duy trì lâu dài và gợi ý nhiều kỹ năng thiết thực giúp bạn trở thành người mua hàng hay bán hàng đầy chuyên nghiệp. 
650 |a Negotiation in business.,Negotiation.,Đàm phán trong kinh doanh 
980 |a Trung tâm Học liệu Trường Đại học Cần Thơ